New firm startups / (Record no. 30038)
[ view plain ]
| 000 -LEADER | |
|---|---|
| fixed length control field | 00894nam a2200253 a 4500 |
| 003 - CONTROL NUMBER IDENTIFIER | |
| control field | CUTN |
| 005 - DATE AND TIME OF LATEST TRANSACTION | |
| control field | 20190822152904.0 |
| 008 - FIXED-LENGTH DATA ELEMENTS--GENERAL INFORMATION | |
| fixed length control field | 060523s2006 enka 001 0 eng |
| 020 ## - INTERNATIONAL STANDARD BOOK NUMBER | |
| International Standard Book Number | 9781845421182 (hbk.) |
| 020 ## - INTERNATIONAL STANDARD BOOK NUMBER | |
| International Standard Book Number | 1845421183 (hbk.) |
| 041 ## - LANGUAGE CODE | |
| Language | English |
| 082 04 - DEWEY DECIMAL CLASSIFICATION NUMBER | |
| Classification number | 658.11 |
| Edition number | 22 |
| Item number | DAV |
| 245 00 - TITLE STATEMENT | |
| Title | New firm startups / |
| Statement of responsibility, etc | edited by Per Davidsson. |
| 260 ## - PUBLICATION, DISTRIBUTION, ETC. (IMPRINT) | |
| Place of publication, distribution, etc | Cheltenham : |
| Name of publisher, distributor, etc | Edward Elgar, |
| Date of publication, distribution, etc | c2006. |
| 300 ## - PHYSICAL DESCRIPTION | |
| Extent | 551 p. : |
| Other physical details | ill. ; |
| Dimensions | 25 cm. |
| 440 ## - SERIES STATEMENT/ADDED ENTRY--TITLE | |
| Title | International library of entrepreneurship, 7. |
| 505 ## - FORMATTED CONTENTS NOTE | |
| Title | PART I OVERVIEW |
| -- | PART II ENVIRONMENT |
| -- | 'PART III INDIVIDUAL |
| -- | PART IV VENTURE |
| -- | PART V PROCESS |
| -- | PART VI OUTCOMES |
| 650 #0 - SUBJECT ADDED ENTRY--TOPICAL TERM | |
| Topical term or geographic name as entry element | New business enterprises. |
| 700 1# - ADDED ENTRY--PERSONAL NAME | |
| Personal name | Davidsson, Per. |
| 942 ## - ADDED ENTRY ELEMENTS (KOHA) | |
| Source of classification or shelving scheme | Dewey Decimal Classification |
| Koha item type | General Books |
| 504 ## - BIBLIOGRAPHY, ETC. NOTE | |
| Bibliography, etc | Includes bibliographical references and index. |
| 830 #0 - SERIES ADDED ENTRY--UNIFORM TITLE | |
| Uniform title | International library of entrepreneurship ; |
| Volume number/sequential designation | 7 |
| Withdrawn status | Lost status | Source of classification or shelving scheme | Damaged status | Not for loan | Collection code | Home library | Location | Shelving location | Date of Cataloging | Total Checkouts | Full call number | Barcode | Date last seen | Price effective from | Koha item type |
|---|---|---|---|---|---|---|---|---|---|---|---|---|---|---|---|
| Dewey Decimal Classification | Not For Loan | Reference | CUTN Central Library | CUTN Central Library | Reference | 22/08/2019 | 658.11 DAV | 37148 | 04/02/2020 | 22/08/2019 | Reference Books |
